|
|
|
|
| LEADER |
01799nam a2200421 i 4500 |
| 001 |
EBC3045989 |
| 003 |
MiAaPQ |
| 005 |
20200520144314.0 |
| 006 |
m o d | |
| 007 |
cr cnu|||||||| |
| 008 |
140723s2011 gw ob 001 0 ger|d |
| 020 |
|
|
|z 9783486598049
|
| 020 |
|
|
|a 9783486705164 (e-book)
|
| 035 |
|
|
|a (MiAaPQ)EBC3045989
|
| 035 |
|
|
|a (Au-PeEL)EBL3045989
|
| 035 |
|
|
|a (CaPaEBR)ebr10891359
|
| 035 |
|
|
|a (CaONFJC)MIL610493
|
| 035 |
|
|
|a (OCoLC)922949386
|
| 040 |
|
|
|a MiAaPQ
|b eng
|e rda
|e pn
|c MiAaPQ
|d MiAaPQ
|
| 050 |
|
4 |
|a LA770.M44
|b B57 2011
|
| 100 |
1 |
|
|a Bispinck, Henrik,
|e author.
|
| 245 |
1 |
0 |
|a Bildungsburger in Demokratie und Diktatur :
|b Lehrer an hoheren Schulen in Mecklenburg 1918 bis 1961 : Veroffentlichungen zur SBZ-/DDR-Forschung im Institut fr Zeitgeschichte /
|c Henrik Bispinck.
|
| 264 |
|
1 |
|a Munchen :
|b Oldenbourg Wissenschaftsverlag,
|c 2011.
|
| 300 |
|
|
|a 1 online resource (372 pages).
|
| 336 |
|
|
|a text
|2 rdacontent
|
| 337 |
|
|
|a computer
|2 rdamedia
|
| 338 |
|
|
|a online resource
|2 rdacarrier
|
| 490 |
1 |
|
|a Quellen und Darstellungen zur Zeitgeschichte ;
|v Band 79
|
| 504 |
|
|
|a Includes bibliographical references and index.
|
| 588 |
|
|
|a Description based on online resource; title from PDF title page (ebrary, viewed July 21, 2014).
|
| 590 |
|
|
|a Electronic reproduction. Ann Arbor, MI : ProQuest, 2015. Available via World Wide Web. Access may be limited to ProQuest affiliated libraries.
|
| 650 |
|
0 |
|a Education, Secondary
|x Political aspects.
|
| 650 |
|
0 |
|a Teachers.
|
| 651 |
|
0 |
|a Germany
|z Mecklenburg Region.
|
| 655 |
|
4 |
|a Electronic books.
|
| 797 |
2 |
|
|a ProQuest (Firm)
|
| 830 |
|
0 |
|a Quellen und Darstellungen zur Zeitgeschichte ;
|v Bd. 79.
|
| 856 |
4 |
0 |
|u https://ebookcentral.proquest.com/lib/matrademy/detail.action?docID=3045989
|z Click to View
|